Regional planning in India (Record no. 341626)

000 -LEADER
fixed length control field 00406cam a22001337a 4500
008 - FIXED-LENGTH DATA ELEMENTS--GENERAL INFORMATION
fixed length control field 180718b1972 xxu||||| |||| 00| 0 eng d
082 ## - DEWEY DECIMAL CLASSIFICATION NUMBER
Classification number J4x54 B469
100 ## - MAIN ENTRY--PERSONAL NAME
Personal name Bhat, L.G.
245 ## - TITLE STATEMENT
Title Regional planning in India
Statement of responsibility, etc. by L.G. Bhat
260 ## - PUBLICATION, DISTRIBUTION, ETC.
Place of publication, distribution, etc. Calcutta
Name of publisher, distributor, etc. Statistical Publication Society
Date of publication, distribution, etc. 1972
300 ## - PHYSICAL DESCRIPTION
Extent 153p.
650 ## - SUBJECT ADDED ENTRY--TOPICAL TERM
Topical term or geographic name entry element Regional planning --India
650 ## - SUBJECT ADDED ENTRY--TOPICAL TERM
Topical term or geographic name entry element Regional planning --India --Uttar Pradesh
Holdings
Withdrawn status Lost status Damaged status Not for loan Permanent Location Current Location Date acquired Full call number Barcode Date last seen Price effective from Koha item type
        Indian Institute of Public Administration Indian Institute of Public Administration 1993-09-20 J4x54 B469 47732 2018-07-21 2018-07-21 Book

Powered by Koha